LIBRARY & INFORMATION CENTRE, KCAET, TAVANUR

ONLINE PUBLIC ACCESS CATALOGUE (OPAC)

DEVELOPMENT OF CASHEW FRUIT COLLECTOR AND CASHEW APPLE AND NUT SEPARATOR (Record no. 19636)

MARC details
000 -LEADER
fixed length control field 00617nam a22001817a 4500
003 - CONTROL NUMBER IDENTIFIER
control field OSt
082 ## - DEWEY DECIMAL CLASSIFICATION NUMBER
Classification number 631.3
Item number KAV/DE
088 ## - REPORT NUMBER
Report number P 661
100 ## - MAIN ENTRY--AUTHOR NAME
Personal name KAVYA ANIL
100 ## - MAIN ENTRY--AUTHOR NAME
Personal name SHIFNA SHERIN CT
100 ## - MAIN ENTRY--AUTHOR NAME
Personal name ABHIRAMI KRISHNA
245 ## - TITLE STATEMENT
Title DEVELOPMENT OF CASHEW FRUIT COLLECTOR AND CASHEW APPLE AND NUT SEPARATOR
260 ## - PUBLICATION, DISTRIBUTION, ETC. (IMPRINT)
Place of publication Tavanur
Name of publisher DEPARTMENT OF FARM MACHINERY AND POWER ENGINEERING, KELAPPAJI COLLEGE OF AGRICULTURAL ENGINEERING AND FOOD TECHNOLOGY
Year of publication 2025
700 ## - ADDED ENTRY--PERSONAL NAME
Personal name DHALIN D
856 ## - ELECTRONIC LOCATION AND ACCESS
Uniform Resource Identifier http://14.139.181.140:8080/jspui/handle/123456789/2132
942 ## - ADDED ENTRY ELEMENTS (KOHA)
Koha item type Project Report
Holdings
Collection code Home library Current library Full call number Accession Number Koha item type
Reference KAUAET KAUAET 631.3 KAV/DE P 661 Project Report
free website counter